000
00312nam a2200133Ia 4500
008
230917s9999||||xx |||||||||||||| ||und||
040
_e
197965
_a
MAIN
041
_a
English
082
_a
370 Y1M
100
_a
Yadav, Muni Ram
245
0
_a
Mahadevi Verma ka shiksha mein yogdan
300
_a
70 p.
942
_c
TH
999
_c
51131
_d
51131